計量特定市 - Statistics

General Stats
  • This quiz has been taken 72 times
  • The average score is 15 of 19
Answer Stats
都道府県 答え % Correct
富山県 高岡市
95%
青森県 弘前市
94%
福島県 会津若松市
94%
北海道 苫小牧市
92%
愛媛県 今治市
92%
北海道 帯広市
89%
長野県 上田市
89%
北海道 室蘭市
85%
三重県 津市
85%
北海道 小樽市
84%
愛媛県 新居浜市
84%
千葉県 市川市
76%
千葉県 松戸市
76%
愛知県 豊川市
76%
兵庫県 伊丹市
76%
長野県 岡谷市
69%
愛知県 半田市
63%
大阪府 門真市
61%
大阪府 守口市
58%
No matching quizzes found
Score Distribution
Percent of People with Each Score
Percentile by Number Answered
Your Score History
You have not taken this quiz